00705nam a22001697a 4500003000500000038001800005082000800023100003100031245018000062264003400242650004300276700004100319856005800360942001200418999001900430952008600449NUST aNusrat Nadeem a200 aJanjua, Asad Asghar935521 aA Novel Algorithm for Evaluating the Accuracy of In-Cylinder Convective Heat Transfer Coefficient Estimation Models in Port Water-Injected Diesel Engine/cAsad Asghar Janjua,  aIslamabad:bSMME NUST.c2025. a PhD- Mechanical Engineering 9131624 aSupervisor: Dr. Waqas Khalid9119579 u http://10.250.8.41:8080/xmlui/handle/123456789/54838 2ddccSC c615252d615252 00104070aCLbCLcTHEd2025-10-29l0o200pCLPT-741r2025-10-29w2025-10-29ySC